000 00396nam a2200157Ia 4500
003 Ost
005 20260225132550.0
008 260225s9999||||xx |||||||||||||| ||und||
040 _cfsic
041 _afre
082 _a440
100 _aHernando De Soto
_eAuteur
245 0 _aL'autre sentier :
245 0 _bla révolution informelle dans le tiers monde /
_cHernando De Soto
942 _cكتاب
999 _c34094
_d34094